=LDR 00000nam 2200000 4500 =001 INLIS000000000061308 =005 20260610012205 =035 ##$$a 0010-1022000049 =007 ta =008 260610###########################0###### =020 ##$$a 978-602-8830-25-6 =082 ##$$a 297.661 3 =084 ##$$a 297.661 3 KHI n =100 #$$a Khirjan Nahdi =245 1#$$a Nahdlatul Wathan dan Peran Modal : $b Studi Etnografi-Historis Modal Spiritual dan Sosiokultural =260 ##$$a Yogyakarta :$b Insyira,$c 2012 =300 ##$$a xxx, 314 halaman ; $c 24 cm. =650 #4$$a Nahdlatul Wathan =700 #$$a editor, Sigit Purnama =504 ##$$a Bibliografi : halaman 283-292 =990 ##$$a 602/51/22 =990 ##$$a 7202602927 =990 ##$$a 289/55/2026 =990 ##$$a 602/51/22